Gastric emptying kinetics in patients with chronic liver disease and portal hypertension / (رقم التسجيلة. 86003)

تفاصيل مارك
000 -LEADER
fixed length control field 012690000a22003130004500
003 - CONTROL NUMBER IDENTIFIER
control field EG-GICUC
005 - DATE AND TIME OF LATEST TRANSACTION
control field 20250223033014.0
008 - FIXED-LENGTH DATA ELEMENTS--GENERAL INFORMATION
fixed length control field 070424s2001 ua d f m 000 0 Eng d
040 ## - CATALOGING SOURCE
Original cataloging agency EG-GICUC
Language of cataloging eng
Transcribing agency EG-GICUC
041 0# - LANGUAGE CODE
Language code of text/sound track or separate title Eng
049 ## - LOCAL HOLDINGS (OCLC)
Holding library Deposite
097 ## - Thesis Degree
Thesis Level Ph.D
099 ## - LOCAL FREE-TEXT CALL NUMBER (OCLC)
Classification number Cai01.11.33.Ph.D.2001.He.G
100 0# - MAIN ENTRY--PERSONAL NAME
Personal name Hesham Ibrahim Elmakhzangy
245 10 - TITLE STATEMENT
Title Gastric emptying kinetics in patients with chronic liver disease and portal hypertension /
Statement of responsibility, etc. Hesham Ibrahim Elmakhzangy ; Supervised Abuldahab Mahmoud Elsahly , Hosna Mohamed Mostafa
246 15 - VARYING FORM OF TITLE
Title proper/short title دراسة حركية الافراغ المعديى فى مرضى الكبد المزمن و ارتفاع ضغط الوريدى البابى
260 ## - PUBLICATION, DISTRIBUTION, ETC.
Place of publication, distribution, etc. Cairo :
Name of publisher, distributor, etc. Hesham Ibrahim Elmakhzangy ,
Date of publication, distribution, etc. 2001
300 ## - PHYSICAL DESCRIPTION
Extent 225P :
Other physical details charts ;
Dimensions 25cm
502 ## - DISSERTATION NOTE
Dissertation note Thesis (PH.D.) - Cairo University - Faculty Of Medicine - Department Of Tropical Medicine
530 ## - ADDITIONAL PHYSICAL FORM AVAILABLE NOTE
Additional physical form available note Issued also as CD
653 #4 - INDEX TERM--UNCONTROLLED
Uncontrolled term Antroduodenal manometry
653 #4 - INDEX TERM--UNCONTROLLED
Uncontrolled term Chronic liver disease
700 0# - ADDED ENTRY--PERSONAL NAME
Personal name Abuldahab Mahmoud Elsahly ,
Relator term
700 0# - ADDED ENTRY--PERSONAL NAME
Personal name Hosna Mohamed Mostafa ,
Relator term
856 ## - ELECTRONIC LOCATION AND ACCESS
Uniform Resource Identifier <a href="http://172.23.153.220/th.pdf">http://172.23.153.220/th.pdf</a>
905 ## - LOCAL DATA ELEMENT E, LDE (RLIN)
Cataloger Esam
Reviser Revisor
905 ## - LOCAL DATA ELEMENT E, LDE (RLIN)
Cataloger Nazla
Reviser Cataloger
942 ## - ADDED ENTRY ELEMENTS (KOHA)
Source of classification or shelving scheme Dewey Decimal Classification
Koha item type Thesis
المقتنيات
Source of classification or shelving scheme Not for loan Home library Current library Date acquired Full call number Barcode Date last seen Koha item type
Dewey Decimal Classification   المكتبة المركزبة الجديدة - جامعة القاهرة قاعة الرسائل الجامعية - الدور الاول 11.02.2024 Cai01.11.33.Ph.D.2001.He.G 01010110037904000 22.09.2023 Thesis
Dewey Decimal Classification   المكتبة المركزبة الجديدة - جامعة القاهرة مخـــزن الرســائل الجـــامعية - البدروم 11.02.2024 Cai01.11.33.Ph.D.2001.He.G 01020110037904000 22.09.2023 CD - Rom
Cairo University Libraries Portal Implemented & Customized by: Eng. M. Mohamady Contacts: new-lib@cl.cu.edu.eg | cnul@cl.cu.edu.eg
CUCL logo CNUL logo
© All rights reserved — Cairo University Libraries
CUCL logo
Implemented & Customized by: Eng. M. Mohamady Contact: new-lib@cl.cu.edu.eg © All rights reserved — New Central Library
CNUL logo
Implemented & Customized by: Eng. M. Mohamady Contact: cnul@cl.cu.edu.eg © All rights reserved — Cairo National University Library